Možnosti využití přístupu indexování latentní sémantiky při předpovídaní finanční krizi

Súčasné prístupy používané v problematike predikcie finančných kríz. Metóda indexovania latentnej sémantiky.

Gespeichert in:
Bibliographische Detailangaben
1. Verfasser: Hájek, Petr
Weitere Verfasser: Střižík, Michal, Praks, Pavel, Kadeřábek, Petr
Format: Buchkapitel
Sprache:Tschechisch
Schlagworte:
Tags: Tag hinzufügen
Keine Tags, Fügen Sie das erste Tag hinzu!

MARC

LEADER 00000naa$a2200000$$$4500
001 0110537
005 20231121105236.8
041 0 |a cze 
044 |a CZ 
245 1 0 |a Možnosti využití přístupu indexování latentní sémantiky při předpovídaní finanční krizi  |c Petr Hájek, Michal Střižík, Pavel Praks, Petr Kadeřábek 
520 |a Súčasné prístupy používané v problematike predikcie finančných kríz. Metóda indexovania latentnej sémantiky. 
610 2 0 |a prognózy 
610 2 0 |a kríza finančná 
610 2 0 |a indexy 
610 2 0 |a analýza regresná 
610 2 0 |a hypotézy 
100 1 |a Hájek, Petr 
700 1 |a Střižík, Michal 
700 1 |a Praks, Pavel 
700 1 |a Kadeřábek, Petr